Friedrich Engels und die britische sozialistische Bewegung : (Titelsatznr. 12124)
[ MARC ]
| 000 -Satzkennung | |
|---|---|
| Kontrollfeld mit fester Länge | 00630nam a22001931c 4500 |
| 001 - Kontrollnummer | |
| Kontrollfeld | ht005459953 |
| 008 - Feld mit fester Länge zur physischen Beschreibung - Allgemeine Angaben | |
| Kontrollfeld mit fester Länge | 070117s1962 gw |||| 000u ger d |
| 041 ## - Sprachcode | |
| Sprachcode des Textes/der Tonspur oder des separaten Titels | ger |
| 040 ## - Katalogisierungsquelle | |
| Übertragungsstelle | RU-10907106 |
| 003 - Kontrollnummer Identifier | |
| Kontrollfeld | RU-10907106 |
| 100 1# - Haupteintragung - Personenname | |
| Personenname | Bünger, Siegfried |
| 245 00 - Titel | |
| Titel | Friedrich Engels und die britische sozialistische Bewegung : |
| Zusatz zum Titel | 1881 - 1895 / |
| Verfasserangabe etc. | Siegfried Bünger |
| 264 ## - Produktion, Veröffentlichung, Distribution, Herstellung und Urheberrechtsvermerk | |
| Herstellungs-, Veröffentlichungs- Vertriebs-, Erzeugungsort | Berlin : |
| Produzent, Herausgeber, Distributor, Hersteller | Rütten & Loening, |
| Datum der Herstellung, der Veröffentlichung, des Vertriebs oder des Urheberschutzvermerks | 1962 |
| 300 ## - Physische Beschreibung | |
| Umfang | 242 S. |
| 490 #0 - Gesamttitelangabe | |
| Gesamttitelangabe | Schriftenreihe des Instituts für Allgemeine Geschichte an der Humboldt-Universität Berlin |
| Bandnummer/Folgebezeichnung | 6 |
| 502 ## - Dissertationsvermerk | |
| Dissertationsvermerk | Zugl.: Berlin, Univ., Diss |
| 655 #0 - Indexierungsterm - Genre/Form | |
| Genre/Form oder fokussierter Term | Hochschulschrift |
| 942 ## - Zusätzliche Felder (Koha) | |
| Koha-Medientyp | Monographien |
| Ausgeschieden | Verloren | Klassifikation oder Aufstellungssystematik | Beschädigt | Nicht entleihbar | Heimatbibliothek | Aufenthaltsbibliothek | Aufstellungsort | Erwerbungsdatum | Inventarnummer | Signatur | Barcode | Letzte Aktivität | Preis gültig von | Koha-Medientyp |
|---|---|---|---|---|---|---|---|---|---|---|---|---|---|---|
| Andere/Generische Klassifikation | MWN Osteuropa | MWN Osteuropa | Lesesaal - 1 | 17/01/2007 | 07-01375 | W 54 D eg Bün | E004015078F6904B | 22/02/2021 | 22/03/2021 | Monographien |